000 01207cam a2200289 i 4500
999 _c59024
_d59024
001 59024
003 Mx-PuUPA
005 20211129121136.0
008 140415s2007 sp gr 001 0 spa d
020 _a9789707227262
040 _aMX-PuUPA
_bspa
_erda
_cMx-PuUPA
_dMx-PuUPA
041 0 _aspa
100 1 _aKanoussi, Dora,
_eautor
_95264
245 1 0 _aLos cuadernos filosóficos de Antonio Gramsci :
_bde Bujarin a Maquiavelo /
_cDora Kanoussi ; cuidado de la edición, Cristina Ortega Kanoussi.
250 _aPrimera edición
264 1 _aPuebla, Pue. :
_bBenemérita Universidad Autónoma de Puebla,
_bInstituto de Ciencias Sociales y Humanidades "Alfonso Vélez Pliego", BUAP,
_bUniversidad Autónoma de la Ciudad de México,
_bPlaza y Valdés,
_c2007
300 _a150 páginas ;
_c23 cm.
336 _atexto
_2rdacontent
_btxt
337 _asin medio
_2rdamedia
_bn
338 _avolumen
_2rdacarrier
_bnc
600 1 4 _aGramsci, Antonio, 1891- 1957-
_xDocumentos penitenciarios
600 1 4 _aGramsci, Antonio, 1891-1957-
_xCuadernos de dibujo, etc
700 1 _aOrtega Kanoussi, Cristina,
_eeditor
942 _h945
_iK1615
_cLI
_2ddc